01009nam a2200277 a 450000100060000000300080000600500170001400800410003102000180007203500190009004000350010904100080014408200250015210000320017724500880020925000120029726000530030930000240036250000180038665000520040465000480045670000290050494200120053399900170054595201690056261552BD-RjUL20211209080957.0170119s2011 enk 001 0 eng d a9788131731819 a(BD-RjUL)61676 aBD-RjULbengcBD-RjULdBD-RjUL aeng a658.83223bMAM 2012 aMalhotra Naresh K 918340710aMarketing research :ban applied orientation /cNaresh K Malhotra; Satyabhusan Dash a6th ed. aLondon :bDryden Press,cc2011 [impression 2012] axii, 224 p ;c24 cm aInclude index 0aMarketing researchxStatistical methods9183408 0aMarketing researchxData processing9183409 aSatyabhusan Dash9183410 2ddccBK c61552d61552 00102ddc40718NFICaRUCLbRUCLcReadingd2013-06-23eDhaka, Ahsania mission book dis. houseg705.00l0o658.83 MAM 2012r2017-01-19 00:00:00tC-1w2017-01-19yBK